01304nam a2200337Ia 4500001001200000003000800012006001900020007001500039008004100054010001700095020001800112020003100130040002100161035002100182050003000203082001500233245013300248260003900381300002600420490004200446504006200488533015200550650001500702650002300717650002000740655002900760700001700789710001700806856012600823999001700949ebr10704279CaPaEBRm o u cr cn|||||||||130130s2013 nyua sb 001 0 eng d z 2012042094 z9781624172694 z9781622577910 (soft cover) aCaPaEBRcCaPaEBR a(OCoLC)84655162414aTA418.9.N35bA3273 2013eb04a620/.522300aAdvanced computational techniques in nanoscienceh[electronic resource] /cA.K. Haghi, F. Naghiyev, and S. Abdullayeva, editors. a[Hauppauge] NY :bNovinka,cc2013. axxvii, 103 p. :bill.0 aNanotechnology science and technology aIncludes bibliographical references (p. 91-96) and index. aElectronic reproduction.bPalo Alto, Calif. :cebrary,d2013.nAvailable via World Wide Web.nAccess may be limited to ebrary affiliated libraries. 0aNanotubes. 0aCarbon composites. 0aNanostructures. 7aElectronic books.2local1 aHaghi, A. K.2 aebrary, Inc.40uhttp://site.ebrary.com/lib/rucke/Doc?id=10704279zAn electronic book accessible through the World Wide Web; click to view c19959d19959